| 000 | 01014nam a2200241 i 4500 | ||
|---|---|---|---|
| 001 | 96898 | ||
| 003 | ES-MaACL | ||
| 005 | 20250316204109.0 | ||
| 007 | t| | ||
| 008 | 050704m19451946cl |||| |dspa d | ||
| 100 | 0 |
_aMann, Thomas, _d1875-1955 _976055 |
|
| 245 | 1 | 0 |
_aJosé y sus hermanos / _cThomas Mann. |
| 260 |
_aSantiago de Chile : _bErcilla, _c1945-1946. |
||
| 300 |
_a4 v. ; _c22 cm. |
||
| 490 | 1 | _aCóndor | |
| 505 | 8 |
_aContiene: 1 ; _tLas historias de Jacob / _rtraducción al español por José María Souvirón, 4ª ed. (325 p.) - 2. -- _tEl joven José / _rtrad... José María Souvirón, 3ª ed. (241 p.) - 3. -- _tJosé en Egipto / _rtrad... Hernán del Solar, 2ª ed. (511 p.) - 4. -- _tJosé el proveedor / _rtrad... Lenka Franulic (459 p.) |
|
| 700 | 1 |
_aSouvirón, José María _d1904-1973 _9107605 |
|
| 700 | 1 |
_aSolar, Hernán del. _9107097 |
|
| 700 | 1 |
_aFranulic, Lenka. _952355 |
|
| 830 | 0 |
_aCóndor _9232271 |
|
| 852 |
_aES-MaACL _jD-5322-25 |
||
| 999 |
_c96898 _d96898 |
||